Exploración y conquista del Río de la Plata: siglos XVI y XVII
Guardat en:
| Autor principal: | |
|---|---|
| Format: | Llibre |
| Idioma: | espanyol |
| Publicat: |
Barcelona
Salvat
1942
|
| Col·lecció: | Historia de América y de los Pueblos Americanos, 8
|
| Matèries: | |
| Etiquetes: |
Afegir etiqueta
Sense etiquetes, Sigues el primer a etiquetar aquest registre!
|
MARC
| LEADER | 00000nam a2200000 a 4500 | ||
|---|---|---|---|
| 001 | UCO2727 | ||
| 003 | CL-VaPUC | ||
| 008 | 000608e19420000SP |||||||||||||||||spa|d | ||
| 082 | 0 | 4 | |a 982.022 |b RUB |2 21 |
| 100 | 0 | |a Rubio y Esteban, Julián María |e author |9 446294 | |
| 245 | 1 | 0 | |a Exploración y conquista del Río de la Plata: siglos XVI y XVII |
| 300 | |a 844 p | ||
| 942 | |c BK | ||
| 945 | |d 20000608 00:00:00 |a rherrera | ||
| 260 | |a Barcelona |b Salvat |c 1942 | ||
| 650 | 0 | |a Historia de Argentina |9 319851 | |
| 650 | 0 | |a Descubrimiento y Conquista de América |9 446281 | |
| 650 | 0 | |a Siglos 16-17 |9 319315 | |
| 651 | 0 | |a Argentina |9 254888 | |
| 651 | 0 | |a Río de La Plata |9 357809 | |
| 583 | |a last modification |c 20000608 00:00:00 |k Rodrigo Vera | ||
| 490 | 0 | |a Historia de América y de los Pueblos Americanos, 8 | |
| 999 | |c 289225 |d 289223 | ||
| 952 | |0 0 |1 0 |4 0 |6 982_022000000000000_RUB_1942 |7 0 |8 A |9 337458 |a BIBHIS |b BIBHIS |d 2019-11-20 |i 1286404 |o 982.022 RUB 1942 |p 1286404 |r 2025-01-20 |w 2019-11-20 |y BK |k HIS | ||